000 00637nam a2200241Ia 4500
001 53466
005 20240114005345.0
007 ta
008 110128s2007 g b000 u 346 u
040 _aCotton College,Assam
041 _a346
082 _a891.441
_bSa 19 Ak
100 _aSaha, Tushar Kanti .
245 0 _aAkodaa Betrobotir Nirey /
_cTushar Kanti Saha.
_hTextual Documents
250 _a2nd /
260 _aGuwahati :
_bVicky Publishers ,
_c2007.
300 _a63pg ;
_c20cm.
653 _aBengali Romantic Poems
653 _aG-Bengali
942 _2ddc
_cBK
999 _c53429
_d53429